[Event "Kathmandu Open 2018"]
[Site "Kathmandu"]
[Date "2018.04.15"]
[Round "5"]
[White "Thing, Bibek"]
[Black "Niraula, Bhupendra"]
[Result "1-0"]
[WhiteElo "2263"]
[BlackElo "1994"]
[Annotator "RC"]
[PlyCount "125"]
[EventDate "2018.??.??"]
[EventType "swiss"]
[EventCountry "NEP"]
[SourceTitle "playchess.com"]
[Source "ChessBase"]
[SourceQuality "1"]
[TimeControl "5400+30"]

1. e4 d5 2. exd5 Qxd5 3. Nc3 Qd6 4. d4 Nf6 5. Bc4 a6 6. Nge2 e6 7. Bf4 Qd8 8. Qd3 b5 9. Qf3 Ra7 10. Bd3 Bb7 11. Ne4 Nbd7 12. Rd1 Be7 13. O-O O-O 14. N2g3 Nxe4 15. Bxe4 Bxe4 16. Nxe4 Nf6 17. Nxf6+ Bxf6 18. Be5 Bxe5 19. dxe5 Qe7 20. Qc6 Rd8 21. a4 bxa4 22. Qxa4 Raa8 23. Qc6 Rab8 24. b3 Rb6 25. Qc4 Rb5 26. g3 h6 27. Rfe1 Rxd1 28. Rxd1 Rxe5 29. Qxa6 Kh7 30. Qd3+ f5 31. Qc3 Rc5 32. Qb4 f4 33. Qxf4 Qf6 34. Qe4+ Qg6 35. Qxg6+ Kxg6 36. c4 Rc6 37. Rd3 Rb6 38. Kg2 c5 39. Kf3 Kf5 40. Ke2 Kg4 41. h4 Ra6 42. Re3 Ra2+ 43. Kf1 Kf5 44. Rf3+ Ke4 45. Rf7 Rb2 46. Rxg7 Rxb3 47. Rg6 Rc3 48. Rxh6 e5 49. Rg6 Kf3 50. Rf6+ Kg4 51. Kg2 Rc2 52. Rf8 Rxc4 53. f3+ Kh5 54. Rf6 Rc1 55. Rf5+ Kg6 56. Rxe5 Rc2+ 57. Kh3 c4 58. g4 Kf6 59. Rc5 Ke6 60. h5 Kd6 61. Rc8 Kd7 62. h6 Rc1 63. Kg2 1-0

[Event "Kathmandu Open 2018"]
[Site "Kathmandu"]
[Date "2018.04.15"]
[Round "5"]
[White "Patil, Pratik"]
[Black "Prince, Bajaj"]
[Result "1/2-1/2"]
[WhiteElo "2258"]
[BlackElo "2409"]
[Annotator "TA"]
[PlyCount "60"]
[EventDate "2018.??.??"]
[EventType "swiss"]
[EventCountry "NEP"]
[SourceTitle "playchess.com"]
[Source "ChessBase"]
[SourceQuality "1"]

{[%evp 17,60,10,5,1,3,-16,-12,-14,-19,-21,-8,-4,0,-17,0,-18,0,0,38,-13,43,29,54,44,51,60,59,52,99,0,10,0,96,0,20,0,92,0,21,0,97,0,13,0,99]} 1. e4 c5 2. c3 Nf6 3. e5 Nd5 4. d4 cxd4 5. Nf3 e6 6. cxd4 d6 7. Bc4 Be7 8. O-O {B22: Sicilian: 2 c3} O-O 9. Qe2 b6 {LiveBook: 112 Games} (9... Nc6 10. Rd1 Na5 11. Bxd5 exd5 12. Nc3 Be6 13. Bf4 a6 14. h3 Re8 15. exd6 Bxd6 16. Bxd6 Qxd6 17. Qe5 Nc4 18. Qxd6 Nxd6 {½-½ (32) Nisipeanu,L (2672)-Grischuk,A (2785) Heraklio 2017}) 10. Re1 Bb7 11. Bd2 Nd7 12. Nc3 Nxc3 13. Bxc3 dxe5 14. dxe5 Qc7 {[#]} 15. Bd3 $146 ({Predecessor:} 15. Nd4 a6 {0-1 (37) Zhigalko,S (2671)-Mareco,S (2635) Doha 2016}) 15... Rac8 16. Rad1 Rfd8 17. Nd4 Bd5 18. Bb1 (18. Nb5 $14 Qb8 19. Nd6 (19. Qh5 g6 $11) 19... Bxd6 20. exd6) 18... Qb7 (18... Nf8 $11) 19. Qg4 $14 g6 20. h4 h5 21. Qg3 {And now Bxg6! would win.} Nf8 22. Nb5 Qb8 {[#]} 23. Nd4 (23. Nd6 $1 $16 {[%mdl 512]}) 23... Qb7 24. Nb5 ({White should try} 24. f4 $11) 24... Qb8 $16 {[#]} 25. Nd4 (25. Nd6 $1 $16 {[%mdl 512]}) 25... Qb7 $11 26. Nb5 (26. f4 $11) 26... Qb8 $1 $16 {[#]} 27. Nd4 (27. Nd6 $1 $16 {[%mdl 512]}) 27... Qb7 $11 28. Nb5 (28. f4 $11) 28... Qb8 $16 {[#]} 29. Nd4 ({Better is} 29. Nd6 $1 $16 {[%mdl 512]}) 29... Qb7 $11 30. Nb5 (30. f4 $11) 30... Qb8 $1 {Precision: White = 31%, Black = 59%.} 1/2-1/2

[Event "Kathmandu Open 2018"]
[Site "Kathmandu"]
[Date "2018.04.15"]
[Round "5"]
[White "Ramaraju, N."]
[Black "Rajbhandari, Rijendra"]
[Result "1-0"]
[WhiteElo "2175"]
[BlackElo "1959"]
[Annotator "TA"]
[PlyCount "109"]
[EventDate "2018.??.??"]
[EventType "swiss"]
[EventCountry "NEP"]
[SourceTitle "playchess.com"]
[Source "ChessBase"]
[SourceQuality "1"]

{[%evp 9,109,33,69,69,76,58,96,20,61,81,87,52,88,92,102,-12,102,3,10,0,0,1,5,0,2,-9,-12,-8,0,0,8,0,0,0,0,0,16,14,21,23,17,17,12,14,16,16,18,8,11,0,23,6,7,2,22,25,212,217,191,186,162,31,99,115,106,100,112,25,25,19,76,76,76,76,76,76,74,74,77,77,77,77,175,174,187,178,191,168,187,164,178,100,100,108,238,157,159,145,29973,90,29997,29998]} 1. c4 c5 2. Nf3 g6 3. e4 Nc6 4. d4 cxd4 5. Nxd4 Nxd4 (5... Nf6 6. Nc3 d6 7. Be2 Nxd4 8. Qxd4 Bg7 9. Be3 O-O 10. Qd2 a5 11. O-O a4 12. f3 Be6 13. Nb5 Nd7 14. Rab1 Qa5 15. Qxa5 Rxa5 16. Nc7 Nc5 17. Rfc1 Rc8 18. Bd2 Ra7 19. Nxe6 Nxe6 20. Kf1 Nc5 {½-½ (78) Yu,Y (2751)-Mamedov,R (2709) Huaian 2017}) 6. Qxd4 {B36: Sicilian: Maroczy Bind: Gurgenidze System} Nf6 7. e5 Ng8 8. e6 $146 (8. Nc3 $16) ({Predecessor:} 8. Nc3 Bg7 9. Bf4 f6 10. Nd5 f5 11. Qc5 b6 12. Nc7+ Kf8 13. Qd5 Qxc7 14. Qxa8 {1-0 (41) Stojanovic,A (2343)-Vuckovic,J (1952) Kragujevac 2016}) 8... Nf6 9. exf7+ Kxf7 10. Be2 Bg7 11. O-O d5 12. Rd1 (12. cxd5 $16 Bf5 13. Qf4) 12... Be6 (12... e5 $1 $11 13. Qc5 (13. Qe3 d4 $15) 13... b6) 13. cxd5 (13. Qf4 $16) 13... Qxd5 $11 14. Qf4 Qe4 15. Nc3 Qxf4 16. Bxf4 Rad8 17. Bc7 Rxd1+ 18. Rxd1 Rc8 19. Be5 Bh6 20. h3 Nd7 21. Bd4 b6 22. Ba6 Rc7 23. Nb5 Rc4 24. Nxa7 Ra4 25. Nc6 {Strongly threatening Bc8.} Rxa6 26. Nd8+ Ke8 27. Nxe6 Rxa2 28. g4 Kf7 29. Nd8+ Kf8 30. f4 Ke8 31. Ne6 Kf7 32. Re1 Nf8 $2 (32... Nb8 $11) 33. Nd8+ $18 Ke8 34. Nc6 {[%csl Gc6][%cal Re1e7]} ({And not} 34. Bxb6 Bxf4 35. Bc5 Rxb2 $11) 34... Kd7 35. Ne5+ ({Weaker is} 35. Nxe7 Ne6 $11) (35. Nb8+ $1 $18 Kc8 36. g5 Kxb8 37. Rxe7 (37. gxh6 e5 $16) 37... Ra1+ 38. Kf2) 35... Kc7 ({Black should try} 35... Ke8 $1 $14) 36. Nd3 $16 {g5 is the strong threat.} Kd7 37. g5 Ne6 38. Rxe6 ({Better is} 38. Ne5+ $16 Kc8 39. Bxb6) 38... Kxe6 $11 39. gxh6 Kf5 (39... Ra1+ $11 40. Kf2 Rh1) 40. Bc3 $16 Ke4 41. Ne5 {Black must now prevent Nxg6!} Kxf4 {[#]} 42. Nxg6+ $1 {[%mdl 512]} Kg5 (42... hxg6 43. h7) 43. Nxe7 Kxh6 44. Kg2 Kg5 45. Kg3 Ra7 (45... Ra4 $16 {was necessary.}) 46. h4+ $1 $18 Kh5 47. Nd5 b5 48. Nf4+ Kh6 49. Kg4 Ra8 50. h5 (50. b4 $18) 50... Rg8+ $16 51. Kh4 {White threatens Ne6 and mate.} Rg1 (51... Re8 $16 {might work better.} 52. b3 Re4) 52. Nh3 Rg2 {[#]} 53. Be5 $1 {Hoping for Ng5!} b4 $2 {[%mdl 8192] [#]} (53... Rc2 $16 54. b3 b4) 54. Nf4 $2 (54. Ng5 $1 {mates} Rxg5 55. Bf4 Kg7 56. Kxg5 Kf7 57. Kh6 Ke6 58. Kxh7 Kf6 59. h6) 54... Rg8 $2 {[%mdl 8192]} (54... Rg5 $16 55. Bd6 Rf5) 55. Ne6 {Precision: White = 50%, Black = 25%.} 1-0

[Event "Kathmandu Open 2018"]
[Site "Kathmandu"]
[Date "2018.04.15"]
[Round "5"]
[White "Harshavardhan G B"]
[Black "Mirzoev, Azer"]
[Result "0-1"]
[WhiteElo "2119"]
[BlackElo "2504"]
[Annotator "TA"]
[PlyCount "135"]
[EventDate "2018.??.??"]
[EventType "swiss"]
[EventCountry "NEP"]
[SourceTitle "playchess.com"]
[Source "ChessBase"]
[SourceQuality "1"]

{[%evp 17,135,14,17,14,17,18,16,17,29,0,2,0,9,-30,-27,-28,-27,-27,-27,-26,-27,-43,-31,-70,-56,-60,-38,-67,-68,-70,-64,-113,-107,-128,-122,-133,-119,-104,-86,-91,-89,-93,-92,-88,-97,-121,-123,-135,-126,-152,-136,-138,-138,-135,-138,-127,-126,-174,-140,-160,-158,-171,-166,-168,-128,-174,-127,-181,-127,-207,-127,-127,-127,-185,-131,-187,0,-131,-131,-185,-101,-276,-269,-275,-265,-275,-209,-216,-206,-197,-179,-179,-179,-169,-179,-177,-137,-130,-130,-173,-130,-131,-137,-177,-174,-191,-168,-187,-157,-183,-178,-266,-250,-183,-232,-419,-409,-495,-489,-456]} 1. e4 e5 2. Nf3 Nc6 3. Nc3 Nf6 4. Bb5 Bd6 5. O-O (5. d3 h6 6. Ne2 a6 7. Ba4 b5 8. Bb3 Na5 9. d4 Nxb3 10. axb3 Nxe4 11. dxe5 Bc5 12. Qd5 Bxf2+ 13. Kf1 {½-½ (49) Inarkiev,E (2689)-Svidler,P (2765) St Petersburg 2017}) 5... O-O 6. d3 {C48: Four Knights: 4 Bb5, replies other than 4...Bb4} Re8 7. a3 h6 8. Be3 a6 9. Bc4 Bf8 {LiveBook: 5 Games} 10. Nd2 $146 ({Predecessor:} 10. Nh4 d6 11. Ng6 Be6 12. Nxf8 Kxf8 13. Bxe6 Rxe6 {1-0 (66) Stukopin,A (2577)-Brown,M (2489) Philadelphia 2017}) 10... d6 11. h3 Be6 12. Bxe6 Rxe6 13. f4 exf4 14. Bxf4 d5 15. Re1 (15. Bxc7 {keeps more tension.} Qxc7 16. exd5 Rd6 17. dxc6 Rxc6 18. d4) 15... dxe4 16. Ndxe4 Nxe4 17. Rxe4 Rxe4 18. dxe4 Nd4 19. Kh1 c6 20. Qg4 Qc8 21. Qd1 Ne6 22. Be3 Qc7 23. Qg4 g6 24. Ne2 Qe5 25. c3 Re8 26. Rd1 h5 27. Qf3 Ng5 28. Bxg5 Qxg5 29. Rd7 {[#]} Re7 $1 {[%cal Re7d7]} 30. Rxe7 Bxe7 31. Qd3 Bc5 32. b4 Ba7 33. Qf3 Bb8 34. g4 hxg4 35. Qxg4 Qe5 {[%csl Gb8][%cal Re5h2]} 36. Kg2 Kg7 37. Qf3 Qg5+ 38. Kf1 a5 {[%cal Ba6a5,Ba5a4][%mdl 32]} 39. Ke1 a4 40. Qd3 Be5 41. Kd1 Qf6 42. Kc2 (42. Nd4 $17 {was necessary.}) 42... Qf2 (42... Qe6 $19 {Strongly threatening ...Qa2+.} 43. Nc1 Bf6) 43. Qd2 (43. Kb1 $17) 43... Qg2 44. Qd3 Bf6 45. Qe3 (45. Kb2 $17 {is a better defense.}) 45... Qf1 $19 46. Nc1 (46. Kb2 $17 {might work better.}) 46... Qg2+ (46... Qc4 $19 47. e5 Be7) 47. Ne2 $17 Qh2 48. Qf3 (48. Qd3 $17) 48... b6 ({Black should try} 48... Qd6 $19 49. Qd3 Qe6) 49. Kd3 $2 (49. Qd3 $17) 49... Qd6+ $19 50. Kc2 Qe6 51. Nc1 c5 52. bxc5 bxc5 53. Qe3 Qe5 54. Qd3 Qh2+ 55. Ne2 Qf2 56. Qc4 Qf1 57. Qd3 Qe1 58. Qc4 Bg5 59. Qd3 Kh6 60. e5 Qh1 61. Qc4 Qf3 ({Much less strong is} 61... Qxh3 62. Qxf7 Qe3 63. Qf8+ Kh5 64. Qf1 $17) 62. Qd3 Qf2 63. Qe4 {[#]} Qh2 $1 64. Kd3 (64. Kb2 {was called for.}) 64... Qxh3+ 65. Kc4 Qe6+ 66. Kd3 $2 (66. Kb5) 66... Qb3 {( -> ...Qb1+)} 67. Qh1+ Kg7 {Threatens to win with ...Qb5+.} 68. Qg2 {Precision: White = 39%, Black = 81%.} 0-1

[Event "Kathmandu Open 2018"]
[Site "Kathmandu"]
[Date "2018.04.15"]
[Round "5"]
[White "Subhayan Kundu"]
[Black "Llaneza Vega, Marcos"]
[Result "1-0"]
[WhiteElo "2079"]
[BlackElo "2422"]
[Annotator "TA"]
[PlyCount "65"]
[EventDate "2018.??.??"]
[EventType "swiss"]
[EventCountry "NEP"]
[SourceTitle "playchess.com"]
[Source "ChessBase"]
[SourceQuality "1"]

{[%evp 13,65,-16,0,-7,10,0,4,0,0,-16,-21,-18,-21,-26,-15,-42,-63,-77,-74,-69,-29,-195,-193,-191,-203,-191,-222,-193,216,214,193,187,224,224,250,243,237,227,319,297,364,366,359,357,368,389,357,282,453,446,439,441,474,459]} 1. b3 d5 2. Bb2 Bg4 3. Nf3 Nd7 4. e3 Ngf6 5. h3 Bxf3 6. Qxf3 {A06: Réti Opening:1 Nf3 d5} e5 7. d3 Bb4+ {LiveBook: 4 Games} 8. Nd2 {The position is equal.} Qe7 $146 ({Predecessor:} 8... c6 9. Qd1 Qe7 10. Be2 Ba3 11. Qc1 Bxb2 12. Qxb2 O-O {½-½ (25) Miles,A (2565)-Wells,P (2510) Scarborough 2001}) 9. a3 Bd6 10. Qe2 c6 11. g4 Nc5 12. Bg2 Ne6 13. c4 a5 14. O-O h5 15. cxd5 cxd5 16. gxh5 Nxh5 17. Bxd5 $2 (17. Rfc1 $11) 17... Nhf4 $1 $19 18. exf4 Nxf4 19. Qg4 {aiming for Qxf4.} Nxh3+ (19... Nxd5 20. Nc4 $11) 20. Kg2 {[#] Black must now prevent Rh1.} Nf4+ $4 {[%mdl 8192] [#]} (20... Rh4 $1 $19 {[%cal Rh4g4] avoids the disaster.} 21. Qxg7 Nf4+ 22. Kg1 f6 23. Qxe7+ (23. Qg8+ $2 Kd7 $19) 23... Kxe7) 21. Qxf4 $1 $18 exf4 22. Rfe1 $36 {[%mdl 2048] White has strong initiative.} Rh5 23. Rxe7+ Kxe7 24. Re1+ Kf8 25. Bxb7 Ra7 (25... Rd8 $142 26. Ba6 Bc7) 26. Bf3 Rb5 27. Bc6 {[%csl Gc6][%cal Re1e8]} Rb8 28. Nc4 Ra6 29. Ba4 ({Weaker is} 29. Nxd6 Rxc6 30. Be5 f6 $16) 29... Bc7 30. Be5 Ra7 $2 (30... Bxe5 31. Rxe5 Rd8 32. Nxa5 Rg6+ 33. Kf3 Rxd3+ 34. Ke4 Rd8 35. Kxf4 Rf6+ 36. Ke3 g6) 31. Nxa5 {White is clearly winning.} Bxe5 32. Nc6 ({Less strong is} 32. Rxe5 Rc8 $18) 32... Bc3 33. Rh1 {Precision: White = 66%, Black = 43%.} 1-0

[Event "Kathmandu Open 2018"]
[Site "Kathmandu"]
[Date "2018.04.15"]
[Round "5"]
[White "Puri, Rajan"]
[Black "Padmini, Rout"]
[Result "0-1"]
[WhiteElo "1994"]
[BlackElo "2360"]
[Annotator "TA"]
[PlyCount "119"]
[EventDate "2018.??.??"]
[EventType "swiss"]
[EventCountry "NEP"]
[SourceTitle "playchess.com"]
[Source "ChessBase"]
[SourceQuality "1"]

{[%evp 9,119,-24,9,-17,-19,-18,0,-10,22,-21,-18,-17,-21,-14,-16,-38,-31,-29,-31,-43,-41,-53,-53,-51,-49,-60,-59,-84,-69,-70,-62,-86,-48,-35,-35,-25,-20,-23,-9,-89,-91,-88,-98,-89,-69,-89,-3,-7,0,-12,-6,-6,0,0,0,0,0,0,0,0,0,0,0,-5,-1,-8,-4,-8,0,-13,-9,-14,-9,-36,-16,-20,-20,-130,-20,-21,-22,-24,-20,-15,-11,-14,-8,-41,-37,-39,-33,-43,-41,-138,-132,-146,-133,-521,-504,-509,-494,-592,-585,-5058,-5052,-5043,-4394,-29987,-29988,-29988,-4962,-1602]} 1. c4 e5 2. e4 Nf6 3. Nc3 Bc5 4. Be2 d6 5. Nf3 a6 (5... Nc6 6. O-O a5 7. d3 h6 8. Be3 O-O 9. h3 Bd7 10. a3 Nd4 11. Bxd4 exd4 12. Nb5 Bxb5 13. cxb5 a4 {½-½ (76) Ynojosa Aponte,F (2399)-Nyzhnyk,I (2616) chess.com INT 2017}) 6. O-O {A22: English Opening: 1...e5 2 Nc3 Nf6} Nc6 7. d3 h6 8. Be3 {The position is equal.} O-O 9. Nd5 Ng4 $146 ({Predecessor:} 9... Be6 10. Qd2 Bxe3 11. Nxe3 Ne7 12. Nd5 Bxd5 13. cxd5 {0-1 (27) Brunner Beamud,A (2061)-Chaves,J (2167) Rio de Janeiro 2005}) 10. Bxc5 dxc5 11. h3 Nf6 12. Qd2 Re8 13. a3 a5 14. Bd1 Nd7 15. Ba4 Nd4 $1 {[%cal Rd4f3]} 16. Bd1 Nf8 17. Kh2 Ra6 18. Ng1 c6 19. Nc3 b5 20. f4 exf4 21. Qxf4 Ra7 22. cxb5 Ng6 23. Qg3 cxb5 24. Nd5 (24. Nge2 $11 {keeps the balance.}) 24... Be6 $17 25. Nf4 Nxf4 26. Rxf4 Qd6 27. Rc1 Nb3 ({Black should try} 27... Rd7 $17) 28. Bxb3 $1 $11 Bxb3 29. Rf5 Qxg3+ 30. Kxg3 Rd7 31. Rcxc5 Rxd3+ 32. Rf3 Bc4 33. Rxd3 $1 Bxd3 {[%mdl 4096] Endgame KRB-KRN} 34. e5 a4 35. Nf3 Rd8 36. Rc1 Bc4 37. Rc2 Rd1 38. Rd2 Rb1 39. Nd4 Kh7 40. Kf4 g5+ 41. Kg3 Re1 42. Nf3 Re4 43. Rd4 {[#]} (43. Kf2 $11) 43... Re3 (43... Re2 $1 $17 {[%cal Re2b2]} 44. Rd2 Rxd2 45. Nxd2 Kg6) 44. Rd2 $1 Kg7 45. Kf2 Re4 46. Kg3 Kf8 47. Kf2 Ke7 48. g3 Kf8 49. Rc2 Kg8 50. Rd2 Kh7 51. Rc2 ({White should play} 51. Kg2 $15) 51... Kg6 $17 52. Rd2 Kf5 53. Rd6 $2 {[%mdl 8192] [#]} (53. Kg1 $17 {is more resistant.}) 53... Re2+ $19 54. Kg1 Rxb2 55. Rxh6 b4 56. Nd4+ Ke4 57. e6 Kxd4 58. exf7 Bxf7 59. Ra6 Bc4 (59... Ke3 $142 60. Ra5 bxa3 61. Re5+ Kd2 62. Ra5 Rb4 63. Ra7 a2 64. Rxf7 a1=Q+ 65. Kh2 a3 66. Kg2 Rb2 67. Kf3 Qf1+ 68. Kg4 Qxf7 69. h4 gxh4 70. gxh4 Ke3 71. h5 Qf4+ 72. Kh3 Rh2#) 60. Rxa4 {Precision: White = 36%, Black = 62%.} 0-1

[Event "Kathmandu Open 2018"]
[Site "Kathmandu"]
[Date "2018.04.15"]
[Round "5"]
[White "Panta, Sumit"]
[Black "Suvrajit, Saha"]
[Result "1/2-1/2"]
[WhiteElo "1993"]
[BlackElo "2234"]
[Annotator "TA"]
[PlyCount "67"]
[EventDate "2018.??.??"]
[EventType "swiss"]
[EventCountry "NEP"]
[SourceTitle "playchess.com"]
[Source "ChessBase"]
[SourceQuality "1"]

{[%evp 15,67,49,51,40,46,39,37,17,23,26,38,33,30,28,33,29,53,58,58,61,73,56,62,38,40,29,36,39,39,18,23,-16,-22,-15,-22,-28,-8,-22,-2,-2,-2,-3,-2,-2,-4,-8,-8,-8,0,0,0,0,0,0]} 1. e4 c5 2. d4 cxd4 3. c3 d3 4. Bxd3 Nc6 5. Nf3 d6 6. O-O Nf6 7. h3 g6 {B21: Sicilian: 2 f4 and Morra Gambit} 8. Qe2 Bg7 {LiveBook: 9 Games} 9. Bc2 $146 ({Predecessor:} 9. Rd1 Nd7 10. Be3 O-O 11. Nbd2 b6 12. Nd4 Nce5 13. Ba6 Nc5 14. Bxc8 Qxc8 15. N4f3 Nxf3+ 16. Qxf3 {½-½ (37) Petrov,N (2490)-Bernadskiy,V (2549) Riga 2016}) 9... O-O {White is slightly better.} 10. Rd1 Qc7 11. Be3 Rd8 12. Na3 Bd7 13. Nb5 Qb8 14. a4 Be8 15. Bf4 e5 16. Bg5 h6 17. Bxf6 Bxf6 18. Nh2 Bg7 19. Nf1 Ne7 20. Ne3 a6 21. Na3 b5 22. axb5 axb5 23. c4 bxc4 24. Naxc4 Rxa1 25. Rxa1 Bc6 26. Rd1 {The position is equal.} d5 (26... Ba8 {with more complications.} 27. Na5 d5 28. exd5 Nxd5 29. Qd3 Bf6) 27. exd5 Nxd5 28. Nxd5 Rxd5 29. Rxd5 Bxd5 30. Ne3 Be6 31. Bd3 {[#]} e4 $1 {[%mdl 512]} 32. Bxe4 Qxb2 33. Qxb2 Bxb2 34. Bd5 {Precision: White = 63%, Black = 57%.} 1/2-1/2

[Event "Kathmandu Open 2018"]
[Site "Kathmandu"]
[Date "2018.04.15"]
[Round "6"]
[White "Sandipan, Chanda"]
[Black "Patil, Pratik"]
[Result "1-0"]
[WhiteElo "2579"]
[BlackElo "2258"]
[Annotator "TA"]
[PlyCount "91"]
[EventDate "2018.??.??"]
[EventType "swiss"]
[EventCountry "NEP"]
[SourceTitle "playchess.com"]
[Source "ChessBase"]
[SourceQuality "1"]

{[%evp 22,91,62,61,75,70,94,88,79,57,77,77,77,78,80,86,88,88,73,75,96,94,98,91,254,248,452,452,460,453,453,453,453,460,467,452,445,397,397,266,524,505,537,389,609,584,920,1302,1283,1236,1728,1604,2284,2031,4770,4678,5438,2331,29972,29975,29975,29976,29979,29980,29978,29979,29979,29980,29980,29981,29981,29982]} 1. Nf3 Nf6 2. g3 g6 3. Bg2 Bg7 4. O-O O-O 5. d4 d5 6. c4 dxc4 7. Na3 c3 8. bxc3 c5 9. Ne5 Nfd7 10. Nac4 Nxe5 11. Nxe5 Nd7 12. Nxd7 {LiveBook: 4 Games. D77: Fianchetto Grünfeld: 6 0-0: Replies other than 6...c6} Bxd7 $146 ({Predecessor:} 12... Qxd7 13. dxc5 Qc7 14. Be3 Bxc3 15. Rb1 Rb8 16. Qb3 Be5 17. Qa3 Bf5 18. Rbc1 a5 19. f4 Bg7 {0-1 (57) Pira,D (2403)-Le Roux,J (2523) Mulhouse 2011}) 13. Rb1 Qa5 14. Rxb7 {White is better.} Rad8 15. Qd2 cxd4 16. cxd4 Qxd2 17. Bxd2 Bxd4 18. Ba5 Bb6 19. Bxb6 axb6 20. Rxb6 Be6 21. a4 {[%cal Ba2a4,Ba4a5,Ba5a6,Ba6a7][%mdl 32] Hoping for a5.} Rd2 22. Ra1 {aiming for a5.} Rxe2 $2 {[#]} (22... Rc8 $16) 23. a5 $18 Rd2 $2 (23... Bc4 24. a6 Bxa6) 24. a6 Bd5 25. a7 Bxg2 26. Kxg2 {[%mdl 4096] Endgame KRR-KRR} Rdd8 27. Rb7 e6 28. Rc1 h5 29. Rcc7 Kg7 30. Kf3 g5 $2 (30... Rd3+ {might work better.} 31. Ke4 Ra3) 31. Ke4 Kg6 32. Rd7 {[#] And now Rxd8 would win.} Rxd7 (32... Ra8 $142 33. h4 g4) 33. Rxd7 {KR-KR} f6 34. Rb7 Ra8 35. f3 {[%cal Bf2f3,Bf3f4][%mdl 32]} Kh6 36. Kd4 Kg6 37. Kc5 Kf5 38. Kb6 g4 39. f4 Ke4 40. Rb8 {White mates.} Rxa7 41. Kxa7 {KR-KP} Kf3 42. Rh8 e5 43. fxe5 fxe5 44. Rxh5 e4 45. Rf5+ Kg2 46. Rf4 {Precision: White = 71%, Black = 23%.} 1-0

[Event "Kathmandu Open 2018"]
[Site "Kathmandu"]
[Date "2018.04.15"]
[Round "6"]
[White "Sengupta, Deep"]
[Black "Ramaraju, N."]
[Result "1-0"]
[WhiteElo "2579"]
[BlackElo "2175"]
[Annotator "TA"]
[PlyCount "89"]
[EventDate "2018.??.??"]
[EventType "swiss"]
[EventCountry "NEP"]
[SourceTitle "playchess.com"]
[Source "ChessBase"]
[SourceQuality "1"]

{[%evp 20,89,-5,-4,0,-4,-4,3,25,12,31,30,54,53,55,34,50,47,56,36,53,25,30,22,31,24,31,20,50,13,50,0,29,39,58,50,91,76,76,76,77,76,76,76,76,76,225,233,214,189,243,233,655,445,451,450,444,396,412,396,394,377,2479,2542,2015,1179,1743,1663,6408,6408,29985,29986]} 1. e4 e5 2. Nf3 Nf6 3. Nc3 Nc6 4. Bb5 Bb4 5. O-O O-O 6. d3 {[%cal Bd2d3,Bd3d4][%mdl 32]} Bxc3 7. bxc3 d6 8. Bg5 Ne7 9. Re1 {C49: Four Knights: 4 Bb5 Bb4} Ng6 10. d4 h6 11. Bc1 {LiveBook: 5 Games. The position is equal.} c6 (11... Bd7 12. Bf1 Re8 13. d5 Nh7 14. g3 Rf8 15. h4 Bg4 16. Be2 Qd7 {½-½ (65) Naiditsch,A (2705)-Wang,H (2709) Riadh 2017}) 12. Bd3 Re8 $146 ({Find the theoretical novelty and annotate with similar games:} 12... Qa5 13. Bd2 Re8 14. c4 Qc7 15. c3 c5 16. Rb1 Be6 {½-½ (85) Mulet,P (2307)-Zherebtsova,A (2219) Warsaw 2017}) 13. h3 Be6 14. a4 Qc7 15. c4 Rad8 16. d5 Bc8 17. Nd2 Nf4 18. Nf1 N6h5 19. Be3 Qe7 20. Ng3 (20. Qf3 {NOTEXT} c5 21. a5 Bd7 22. Nd2 g5 23. Reb1) 20... Nxg3 21. fxg3 Nxd3 22. cxd3 c5 23. Rf1 f6 24. Qd2 Kh7 25. Rf2 Qf7 26. g4 Qg6 27. Qa5 $36 {[%mdl 2048] White fights for an advantage.} a6 28. Rb1 h5 29. gxh5 Qxh5 30. Rf3 {[%cal Bf2f3,Bf3g3,Bg3g6][%mdl 32]} Rf8 31. Rbf1 Qe8 32. Qe1 Rf7 (32... Rh8 $16) 33. Qh4+ $18 Kg8 34. Rg3 Qe7 (34... f5 {might work better.}) 35. Rg6 Qc7 $2 {[#]} (35... Rdf8 36. Rf3 Rd8) 36. Rfxf6 $1 {[%mdl 512]} Rxf6 37. Qxf6 {Bh6 is the strong threat.} Rd7 38. Kh2 Kh7 39. Qf5 {White wants to mate with Re6+.} Kg8 40. Qe6+ Kh7 $2 (40... Rf7 41. Qxd6 Qxd6 42. Rxd6 Rf6) 41. Rg5 {[%cal Rg5h5] [#]} Rf7 42. Rh5+ Kg8 43. Qg6 {Threatening mate with Qh7+.} Rf6 44. Qh7+ Kf7 45. Rg5 {Precision: White = 71%, Black = 36%.} 1-0

[Event "Kathmandu Open 2018"]
[Site "Kathmandu"]
[Date "2018.04.15"]
[Round "6"]
[White "Mirzoev, Azer"]
[Black "Sriram, Jha"]
[Result "1/2-1/2"]
[WhiteElo "2504"]
[BlackElo "2392"]
[Annotator "TA"]
[PlyCount "32"]
[EventDate "2018.??.??"]
[EventType "swiss"]
[EventCountry "NEP"]
[SourceTitle "playchess.com"]
[Source "ChessBase"]
[SourceQuality "1"]

{[%evp 21,24,13,28,50,26]} 1. d4 d5 2. c4 c6 3. e3 Nf6 4. Nf3 Bf5 5. Nc3 e6 6. Nh4 Be4 7. Qb3 Qc7 8. f3 Bg6 9. Bd2 {D12: Slav Defence: 3 Nf3 Nf6 4 e3 Bf5} Be7 10. Nxg6 hxg6 11. O-O-O a6 {LiveBook: 22 Games} 12. c5 Nbd7 {Find the theoretical novelty and annotate with similar games:} 13. Na4 $146 Rb8 14. Bd3 Rxh2 15. g4 Bd8 16. g5 Nh5 {0-1 (53) Wang,Y (2752)-Eljanov,P (2751) Astrakhan 2010} 1/2-1/2